| 000 | 00933cam a22002054a 4500 | ||
|---|---|---|---|
| 005 | 20250605163936.0 | ||
| 008 | 250528s ||||||||||||||||||||||||d | ||
| 035 | _a14861 | ||
| 020 | _a391000195 | ||
| 040 |
_aGR-AtMCL _bgre _dGR-AtMCL _eAACR2 |
||
| 245 | 1 | _aGathering Pace / Continental Europe 1870-1945 | |
| 250 | _a1st | ||
| 260 |
_bHumanities Press, _c1970 |
||
| 300 | _a484 | ||
| 520 | _aThis book is about the people of Europe between 1870 and 1945. Acknowledgements, Gathering Pace - and Growing Uniformity, 1870 to 1918, The Common Factors, Eastern Empires, The South-West, From Sedan to Sarajevo, Disaster, 1918 to 1945, Paying the Cost, The Great Experiment, Humiliation and Its Price, Democracy Surviving, The Collapse of Democracy, Good Intentions and the Road to Ruin, Vision of Uniformity, Brief Lives, Bibliography, Index. | ||
| 700 | 1 |
_aLarkin Maurice _9634 |
|
| 942 | _cBK | ||
| 999 |
_c472 _d472 |
||